000 00583nam a22001697a 4500
005 20251108170943.0
008 250721s1993 xx 000 0 ara d
082 1 4 _a330.9/أوض
100 1 _aستارك، ليندا
_eتحرير
245 1 0 _aأوضاع العالم 1993 :
_bتقرير لمعهد ويرلدوتش حول التقدم نحو مجتمع قابل للبقاء /
264 1 _aعمان :
_bدار البشير،
_c1993.
300 _a424ص
650 1 7 _aالإقتصاد
700 1 _aحجاج، علي حسين
_eترجمة
942 _2ddc
_cBK
999 _c52938
_d52938